banner-ar

بيترو ميليكى الاعمال الفوتوغرافية 1994 - 1995 / (Record no. 44334)

MARC details
000 -الفاتح
حقل البيانات ثابتة الطول 00547nam a2200181Ia 4500
008 - عناصر البيانات ثابتة الطول - معلومات عامة
حقل البيانات ثابتة الطول 140319s9999 xx 000 0 ara d
040 ## - مصدر الفهرسة
وكالة الفهرسة الأصلية GCL /
وكالة النسخ GCL
082 04 - رقم تصنيف ديوى العشرى
رقم التصنيف 779
رقم المادة س ب
100 1# - المدخل الرئيسى - إسم شخصى
الإسم الشخصى سينيسكالكو، كارمن
245 10 - بيان العنوان
العنوان بيترو ميليكى الاعمال الفوتوغرافية 1994 - 1995 /
بيان المسئوليه,etc سينيسكالكو، كارمن
300 ## - الوصف المادى
التعداد 56 ص
490 ## - بيان السلسلة
عنوان السلسلة
650 04 - المدخل الاضافى بالموضوع-مصطلح موضوعى
مصطلح موضوعي التصوير الفوتوغرافى
650 04 - المدخل الاضافى بالموضوع-مصطلح موضوعى
مصطلح موضوعي ايطاليا
650 04 - المدخل الاضافى بالموضوع-مصطلح موضوعى
مصطلح موضوعي بيترو - ميلكى
942 ## - عناصر المدخل الإضافي( كوها)
مصدر التصنيف او مخطط الترفيف Dewey Decimal Classification
Koha [default] item type كتاب
Holdings
حالة التراجع حالة الفقد حالة تلف ليس للاعارة المكان المؤقت الموقع الحالى تاريخ الاكتساب اجمالي اﻻعارات رقم الطلب الباركود تاريخ اخر مشاهدة تاريخ تفعيل السعر نوع وعاء كوها
        مكتبة القاهرة الكبرى مكتبة القاهرة الكبرى 03/26/2014   779\س ب 108074 03/26/2014 03/26/2014 كتاب

Powered By

EGPV